Szakmai gyakorlat egy kereskedelmi televíziónál

Bibliográfiai részletek
Szerző: Pálmány Flóra
További közreműködők: Surányi Dr. András
Dokumentumtípus: Záródolgozat
Kulcsszavak:szakmai gyakorlat
Online Access:http://dolgozattar.uni-bge.hu/5119

MARC

LEADER 00000nta a2200000 i 4500
001 dolg5119
005 20160502080954.0
008 160502suuuu hu o 000 hun d
040 |a BGE Dolgozattár Repozitórium  |b hun 
041 |a hu 
100 1 |a Pálmány Flóra 
245 1 0 |a Szakmai gyakorlat egy kereskedelmi televíziónál  |c Pálmány Flóra  |h [elektronikus dokumentum] 
516 |a Final_paper 
695 |a szakmai gyakorlat 
700 1 |a Surányi Dr. András  |e ths 
856 4 0 |u http://dolgozattar.uni-bge.hu/5119/1/P.Fl%C3%B3ra-z%C3%A1r%C3%B3dolgozat.PDF  |z Dokumentum-elérés